Derecho administrativo : acto administrativo, procedimiento administrativo y otros estudios /

Guardado en:
Autor Principal: Comadira, Julio R.
Otros Autores: Marienhoff, Miguel S., (prol.)
Formato: Libro
Idioma:Undetermined
Publicado: Buenos Aires : Lexis Nexis, 2003.
Edición:2a. ed. act. amp.
Materias:
Etiquetas: Agregar Etiqueta
Sin Etiquetas, Sea el primero en etiquetar este registro!
LEADER 00617nam a22001695a 4500
001 DER.der014997
008 240626s2003####ag############000#0#und#d
005 20241105095400.0
245 1 0 |a Derecho administrativo :  |b acto administrativo, procedimiento administrativo y otros estudios /  |c Julio R. Comadira ; prológo de Miguel S. Marienhoff. 
250 |a 2a. ed. act. amp. 
260 |a Buenos Aires :  |b Lexis Nexis,  |c 2003. 
300 |a 842 p. 
020 |a 9502015118 
100 1 |a Comadira, Julio R. 
700 1 |a Marienhoff, Miguel S.,  |e prol. 
650 7 |a DERECHO ADMINISTRATIVO 
859 |a DERECHO  |b BIB. DERECHO  |h 342.066  |i COM  |p 0010335